| 000 | 00432nam a2200193Ia 4500 | ||
|---|---|---|---|
| 005 | 20240823040609.0 | ||
| 008 | 240823s9999||||xx |||||||||||||| ||und|| | ||
| 020 | _a978-81-237-6619-5 | ||
| 041 | _aENGLISH | ||
| 082 | _A823.92 Q2 | ||
| 100 | _aSukanya Datta | ||
| 245 | 0 | _aWorlds Apart | |
| 250 | _a1st | ||
| 260 |
_c2012 _bNational Books |
||
| 500 | _aYES | ||
| 650 |
_aGeneral _bGeneral |
||
| 942 | _cBK | ||
| 999 |
_c203495 _d203495 |
||